000 00427nam a2200181Ia 4500
005 20240823045905.0
008 240823s9999||||xx |||||||||||||| ||und||
041 _aENGLISH
082 _A658.4093 N2
100 _aKorgoanker
245 0 _aJust in time Manufacturing
250 _a1st
260 _c1992
_b"Macmillan,Delhi"
500 _aYES
650 _aManagement
_bManagement Studies
942 _cBK
999 _c215998
_d215998